000 01175cam a2200277 a 4500
001 15326846
005 20080827162024.0
008 080612s2008 ne af b 001 0 eng
010 _a2008026452
020 _a9780080450513
040 _aDLC
_cDLC
_dDLC
050 0 0 _aTN800
_b.A67 2008
082 0 0 _a662.622
_222
_bAPP
245 0 0 _aApplied Coal Petrology :
_bThe Role of Petrology in Coal Utilization /
_cedited by Isabel Suarez-Ruiz and John C. Crelling.
260 _aAmsterdam ;
_aBoston :
_bElsevier / Academic Press,
_cc2008.
300 _axviii, 388 p., [8] p. of plates :
_bill. (some col.) ;
_c24 cm.
504 _aIncludes bibliographical references (p. [303]-380) and index.
650 0 _aCoal
_xGeology.
_93530
650 0 _aCoal
_xEnvironmental aspects.
_93531
650 0 _aCoal
_xAnalysis.
_93532
700 1 _aSuarez-Ruiz, Isabel
_93529
700 1 _aCrelling, John C.
_93533
942 _2ddc
_cBB
999 _c11264
_d11264